000 01594nam a22002657a 4500
005 20140501105702.0
010 _aHIN-89333 B-420735-776 B-531753-792
020 _a9789332522107
_c1150.00
035 _aHN-61679
035 _aB-420735-776 B-531753-792
037 _bDPL/UBH
082 _a000
100 _aथौर्प, एडगर और थौर्प, शोविक
245 _aपियर्सन सामान्य अध्ययन पेपर -1: 2014 संघ लोकसेवा आयोग की सिविल सेवा प्राथमिक परीक्षा हेतु/ /
_cएडगर थौर्प एवं शोविक थौर्प
246 _aPiyarsan Samavy Adhyayan 2010/
_bEdagar Thaurp evm Shovik Thaurp
260 _aनोएडा
_bपियर्सन एजुकेशन
_c2014
270 _a7वीं मजिंल, नोसिज बयोल्वार्ड, ए (8) ए, सैक्टर-62
_bनोएडा
_e201309
300 _aवि.पृ
_c25 से.मी (अजिल्द)
650 _aसामान्य ज्ञान
650 _aGeneral knowlege
700 _aथौर्प, शोविक
_918606
942 _2ddc
_cHN
_h000
_mथौर्पए
999 _c83749
_d83749